| 000 | 00506nam a2200193 4500 | ||
|---|---|---|---|
| 001 | 16111 | ||
| 005 | 20230410130819.0 | ||
| 008 | 060907n2004 dr spa | ||
| 020 | _a9504912230 | ||
| 035 | _9funglode16244 | ||
| 041 | _aES | ||
| 050 | 1 | 4 | _aPQ 2667 G172c 2004 |
| 100 | _aGallo, Max | ||
| 245 | 1 |
_aCésar imperator / _cMax Gallo; traducción de Claudia Casanova |
|
| 260 |
_aBuenos Aires : _bPlaneta, _c2004 |
||
| 300 | _a429 p. | ||
| 700 | _aCasanova, Claudia | ||
| 942 |
_2lcc _cbk |
||
| 999 |
_c80860 _d80860 |
||